000 00859nam a2200265 i 4500
001 8171
003 ES-MaACL
005 20240320062556.0
007 t|
008 920228s1990 sp a ||||1| spa d
080 _a728.81(46)
080 _a725.18(46)
100 1 _aSarthou Carreres, Carlos.
_9103879
245 1 0 _aCastillos de España /
_cCarlos Sarthou Carreres ; prólogo de Azorín ; con la colaboración especial para las ilustraciones de Robert G. Everts.
250 _a11ª ed.
260 _aMadrid :
_bEspasa-Calpe,
_c1990.
300 _a501 p. :
_bil. ;
_c31 cm.
490 1 _aGrandes obras de arte
650 1 4 _aCastillos-
_zEspaña.
_910828
700 0 _aAzorín,
_d1873-1967
_924326
700 1 _aEverts, Robert G.
_948398
830 0 _aGrandes obras de arte
_9227959
852 _aES-MaACL
_jL-15406
_bR.120034
999 _c8171
_d8171